Statistics for People without head by picture 2

Click here to take the quiz!

General Stats

  • This quiz has been taken 82 times
  • The average score is 9 of 16

Answer Stats

Answer% Correct
Michael Jackson
94%
Neil Armstrong
94%
Donald Trump
91%
Michael Jordan
72%
Muammar Gaddafi
61%
Lady Gaga
59%
Oprah Winfrey
57%
Bob Marley
55%
Pamela Anderson
54%
Fidel Castro
48%
Michael Schumacher
48%
Mike Tyson
48%
Desmond Tutu
45%
Nicki Minaj
45%
Benjamin Netanyahu
33%
O. J. Simpson
22%

Score Distribution

Percentile by Number Answered

Percent of People with Each Score

Your Score History

You have not taken this quiz